Issues in Pakistan,s Economy (Record no. 563845)
[ view plain ]
| 000 -LEADER | |
|---|---|
| fixed length control field | 00330nam a2200121Ia 4500 |
| 008 - FIXED-LENGTH DATA ELEMENTS--GENERAL INFORMATION | |
| fixed length control field | 210430s9999 xx 000 0 und d |
| 082 ## - DEWEY DECIMAL CLASSIFICATION NUMBER | |
| Classification number | 330.95491Z211 I |
| 100 ## - MAIN ENTRY--PERSONAL NAME | |
| Personal name | S.Akbar Zaidi |
| 9 (RLIN) | 13214 |
| 245 ## - TITLE STATEMENT | |
| Title | Issues in Pakistan,s Economy |
| Statement of responsibility, etc. | S.Akbar Zaidi |
| 260 ## - PUBLICATION, DISTRIBUTION, ETC. | |
| Place of publication, distribution, etc. | pakistan |
| Name of publisher, distributor, etc. | Ameena Saiyid |
| Date of publication, distribution, etc. | 1999 |
| 300 ## - PHYSICAL DESCRIPTION | |
| Extent | 530p |
| 942 ## - ADDED ENTRY ELEMENTS (KOHA) | |
| Koha item type | Book |
| Source of classification or shelving scheme | |
| Withdrawn status | Lost status | Damaged status | Not for loan | Collection code | Permanent Location | Current Location | Shelving location | Date acquired | Total Checkouts | Full call number | Barcode | Date last seen | Price effective from | Koha item type |
|---|---|---|---|---|---|---|---|---|---|---|---|---|---|---|
| School of Chemical & Materials Engineering (SCME) | School of Chemical & Materials Engineering (SCME) | General Stacks | 330.95491Z211 I | SCME-3014 | 04/30/2021 | 04/30/2021 | Book |
